000 00261nam a2200097Ia 4500
005 20251222114414.0
008 251222s1900||||xx |||||||||||||| ||spa||
082 _aDVD0070/P18/1976
245 0 _aTodos los hombres del presidente:All The President's Men
942 _cDVD
999 _c2172
_d2172